| 000 | 00829nam a2200205 a 4500 | ||
|---|---|---|---|
| 003 | 0 | ||
| 005 | 20250203100040.0 | ||
| 008 | 130725s19uu xx 00 eng d | ||
| 050 |
_aPHS E 745.M3 _b.F363 2013 |
||
| 100 | _aFernandez, Ma. Isabel M. | ||
| 245 |
_aGeneral Douglas MacArthur's involvement in the invasion of Leyte during world war II (1942-1944) / _cMa. Isabel M. Fernandez. |
||
| 260 |
_aLas PiƱas City, Philippines : _bSouthville International School and Colleges, _c2013. |
||
| 300 |
_a91 p. : _bill. ; _c28 cm. |
||
| 504 | _aIncludes bibliographical references. | ||
| 600 |
_aMacArthur, Douglas _d1880-1964. |
||
| 650 |
_aWorld War, 1939-1945 _vCampaigns _zPhilippines. |
||
| 650 |
_aWorld War, 1939-1945 _zUnited States _vParticipation. |
||
| 651 | _aLeyte Gulf, Battle of, Philippines, 1944. | ||
| 942 |
_2lcc _cPASS |
||
| 999 |
_c98908 _d98908 |
||